BIBLIOTECA

SENCICO

Psicología social / (Registro nro. 150)

Detalles MARC
000 -LEADER
fixed length control field 01541nam a2200241Ia 4500
003 - CONTROL NUMBER IDENTIFIER
control field PE SENCICO BE
005 - DATE AND TIME OF LATEST TRANSACTION
control field 20251020182427.0
008 - FIXED-LENGTH DATA ELEMENTS--GENERAL INFORMATION
fixed length control field 200515s9999 xx 000 0 und d
040 ## - CATALOGING SOURCE
Original cataloging agency PE SENCICO BE
Transcribing agency PE SENCICO BE
041 ## - LANGUAGE CODE
Language code of text/sound track or separate title spa
082 ## - DEWEY DECIMAL CLASSIFICATION NUMBER
Classification number 302
Item number R74
100 1# - MAIN ENTRY--PERSONAL NAME
Personal name Rodrigues, Aroldo
9 (RLIN) 2340
Relator term autor
245 10 - TITLE STATEMENT
Title Psicología social /
Statement of responsibility, etc. Aroldo Rodrigues
250 ## - EDITION STATEMENT
Edition statement 1a ed.
260 ## - PUBLICATION, DISTRIBUTION, ETC.
Place of publication, distribution, etc. México, D.F. :
Name of publisher, distributor, etc. Trillas ;
Date of publication, distribution, etc. 1976
300 ## - PHYSICAL DESCRIPTION
Extent 508 p. :
Other physical details tbl., graf. ;
Dimensions 22 cm.
505 0# - FORMATTED CONTENTS NOTE
Formatted contents note Concepto de psicología social -- Resumen histórico de la psicología social -- Métodos de investigación de psicología social -- Psicología social pura y aplicada : tecnología social -- Principales sistemas psicológicos y sus contribuciones a la psicología social -- Principales teorías psicosociales -- Percepción social -- Dependencias e interdependencias -- Atracción interpersonal -- Tendencia a la asociación con los demás -- Agresión violencia y altruismo -- Concepto de actitud -- Formación de las actitudes -- Cambio de actitud -- Toma de decisiones -- Conformismo y excepcionalidad -- Procesos de grupo -- La psicología social de las organizaciones
520 3# - SUMMARY, ETC.
Summary, etc. Esta obra ofrece, mediante la exposición de los que es la medicina psicosomática, una respuesta a dichos problemas. Es práctica para toda persona, en especial para los profesionales y estudiantes.
650 10 - SUBJECT ADDED ENTRY--TOPICAL TERM
Topical term or geographic name entry element Psicología social
9 (RLIN) 2299
650 20 - SUBJECT ADDED ENTRY--TOPICAL TERM
Topical term or geographic name entry element Relaciones interpersonales
9 (RLIN) 2328
650 20 - SUBJECT ADDED ENTRY--TOPICAL TERM
Topical term or geographic name entry element Actitud (Psicología)
9 (RLIN) 2341
942 ## - ADDED ENTRY ELEMENTS (KOHA)
Koha item type Libros
Source of classification or shelving scheme Dewey Decimal Classification
Existencias
Fecha de la última vez que lo usaron Número de ingreso o de inventario Pago total Signatura topográfica completa Código de barras Precio efectivo desde Tipo de documento Estado perdido Sistema de clasificación Estado dañado No es para préstamo Retirado Ubicación permanente Ubicación actual Fecha de adquisición
15/05/2020 619   302/R74 BibLima24060049 15/05/2020 Libros   Dewey Decimal Classification       Biblioteca Central Lima Biblioteca Central Lima 15/05/2020